00363nam a22001097a 4500008004100000040005500041080002500096245006200121260004400183300001500227650001100242230406b |||||||| |||| 00| 0 eng d aNational Science LibrarycNational Science Library a338.93:677.054bJ9;1 aSurvey of the handloom industry in Karnataka and Sholapur aBombay: bAsia Publishing House, c1959 axii, 273p. aSurvey